<?xml version="1.0" encoding="UTF-8"?><?xml-stylesheet type="text/xsl" href="static/style.xsl"?><OAI-PMH xmlns="http://www.openarchives.org/OAI/2.0/" xmlns:xsi="http://www.w3.org/2001/XMLSchema-instance" xsi:schemaLocation="http://www.openarchives.org/OAI/2.0/ http://www.openarchives.org/OAI/2.0/OAI-PMH.xsd"><responseDate>2026-04-27T13:47:57Z</responseDate><request verb="GetRecord" identifier="oai:uvadoc.uva.es:10324/4716" metadataPrefix="marc">https://uvadoc.uva.es/oai/request</request><GetRecord><record><header><identifier>oai:uvadoc.uva.es:10324/4716</identifier><datestamp>2021-06-18T09:27:29Z</datestamp><setSpec>com_10324_38</setSpec><setSpec>col_10324_787</setSpec></header><metadata><record xmlns="http://www.loc.gov/MARC21/slim" xmlns:doc="http://www.lyncode.com/xoai" xmlns:xsi="http://www.w3.org/2001/XMLSchema-instance" xmlns:dcterms="http://purl.org/dc/terms/" xsi:schemaLocation="http://www.loc.gov/MARC21/slim http://www.loc.gov/standards/marcxml/schema/MARC21slim.xsd">
<leader>00925njm 22002777a 4500</leader>
<datafield tag="042" ind1=" " ind2=" ">
<subfield code="a">dc</subfield>
</datafield>
<datafield tag="720" ind1=" " ind2=" ">
<subfield code="a">Campo Presa, Cristina del</subfield>
<subfield code="e">author</subfield>
</datafield>
<datafield tag="260" ind1=" " ind2=" ">
<subfield code="c">2013</subfield>
</datafield>
<datafield tag="520" ind1=" " ind2=" ">
<subfield code="a">Las Escuelas de Familias nacen a principios del siglo XX en EEUU y Francia como respuesta a un clima social de preocupación por las condiciones de la infancia y ante el despertar de la educación como elemento formativo esencial de los hijos. Actualmente , la mayor parte de ellas se incluye en programas de refuerzo y apoyo para un colectivo de alumnos determinado , pero no abundan proyectos de este tipo con carácter global en los centros educativos . Tampoco existe en el contexto real que proponemos : el IES Virgen de la Calle, ubicado en la ciudad de Palencia. Por esta razón, como miembros del Departamento de Orientación del centro , presentamos un proyecto de Escuela de Familias -proyecto de intervención sociocomunitaria- para todos los padres y madres de los alumnos de ESO. Se trata de una Escuela de Familias dirigida a los padres como formadores de sus hijos, pero también como destinatarios finales de la formación . En este documento , detallamos el contexto concreto y real, los objetivos, las estrategias metodológicas y los contenidos diseñados para este modelo de Escuela de Familias global.</subfield>
</datafield>
<datafield tag="024" ind2=" " ind1="8">
<subfield code="a">http://uvadoc.uva.es/handle/10324/4716</subfield>
</datafield>
<datafield ind1=" " ind2=" " tag="653">
<subfield code="a">Familia y escuela</subfield>
</datafield>
<datafield tag="245" ind1="0" ind2="0">
<subfield code="a">Escuela de Familias a cargo del Departamento de Orientación del IES Virgen de la Calle (Palencia) Máster</subfield>
</datafield>
</record></metadata></record></GetRecord></OAI-PMH>